| 000 | 01540nam a2200265Ia 4500 | ||
|---|---|---|---|
| 999 |
_c40058 _d40058 |
||
| 001 | 6664 | ||
| 003 | GE_BSU | ||
| 005 | 20191127104822.0 | ||
| 008 | 181216s1967||||ge |||||||||||||| ||geo|| | ||
| 040 | _cGE_BSU | ||
| 041 | _ageo | ||
| 080 | _a821.353.1-31 გ-19 | ||
| 100 |
_aგამსახურდია, კონსტანტინე _91395 |
||
| 245 |
_aმოთხრობები / _cკონსტანტინე ლორთქიფანიძის, არჩილ სულაკაურის, გრიგოლ ჩიქოვანის, დემნა შენგელაიას და რევაზ ჯაფარიძის რედაქციით.. |
||
| 250 | _aქართული საბჭოთა პროზის ბიბლიოთეკა. | ||
| 264 |
_aთბილისი : _bლიტერატურა და ხელოვნება, _c1967. |
||
| 300 |
_a120 გვ. ; _c17 სმ. |
||
| 653 | _aმოთხრობები | ||
| 700 |
_aლორთქიფანიძე, კონსტანტინე _eრედაქტორი _95578 |
||
| 700 |
_aსულაკაური, არჩილ _eრედაქტორი _95579 |
||
| 700 |
_aჩიქოვანი, გრიგოლ _eრედაქტორი _95580 |
||
| 700 |
_aშენგელაია, დემნა _eრედაქტორი _95581 |
||
| 700 |
_aჯაფარიძე, რევაზ _eრედაქტორი _94191 |
||
| 942 |
_cBK _2udc |
||